Music Quiz

Random Music or Bands Quiz

Band/Artist by Fan Art Quiz Stats

 Plays Quiz not verified by Sporcle

Challenge
Share
Tweet
Score 0/30 Timer 09:00
0 Plays Today
% Correct
The Beatles
98.4%
Elvis Presley
94.2%
The Rolling Stones
92.9%
Taylor Swift
92.9%
One Direction
91.1%
David Bowie
91%
Elton John
90.2%
Queen
87.4%
Nicki Minaj
87.4%
Marilyn Manson
85.8%
U2
81.8%
Kanye West
80.5%
Beyoncé
80.1%
Green Day
79.6%
Nirvana
79.5%
% Correct
The Gorillaz
75.8%
Guns N' Roses
75.8%
AC/DC
73%
blink-182
66.3%
Alice Cooper
65%
Coldplay
64.1%
Paramore
63.9%
The Ramones
63%
Joan Jett
57.5%
Red Hot Chili Peppers
55.3%
My Chemical Romance
41.8%
Muse
37.4%
Twenty One Pilots
34.2%
Fall Out Boy
32.7%
Arctic Monkeys
29.1%

You're not logged in!

Compare scores with friends on all Sporcle quizzes.
Join for Free
OR
Log In

You Might Also Like...

Show Comments

Extras

Top Quizzes Today


Score Distribution

Your Account Isn't Verified!

In order to create a playlist on Sporcle, you need to verify the email address you used during registration. Go to your Sporcle Settings to finish the process.

Report this User

Report this user for behavior that violates our Community Guidelines.

Details: